| 000 | 03280nam a2200529Ii 4500 | ||
|---|---|---|---|
| 001 | DIGIBE0459 | ||
| 003 | NyNyDIG | ||
| 006 | m o d | ||
| 008 | 190430s2014 sp ob 001 0 eng d | ||
| 007 | cr ||||||||||| | ||
| 035 | _a(OCoLC)1091711709 | ||
| 040 |
_aDGITA _beng _erda _epn _cDGITA |
||
| 020 |
_a9783954871902 _q(eBook ; _qpdf) |
||
| 020 |
_a3954871904 _q(eBook ; _qpdf) |
||
| 020 |
_z9788484896593 _q(Iberoamericana) |
||
| 020 |
_z8484896595 _q(Iberoamericana) |
||
| 020 |
_z9783865276407 _q(Vervuert) |
||
| 020 |
_z3865276407 _q(Vervuert) |
||
| 043 | _an-mx--- | ||
| 050 | 1 | 4 | _aF1231.S33 ebook |
| 082 | 0 | 4 | _a972.02092 |
| 100 | 1 |
_aRíos Castaño, Victoria, _eauthor. |
|
| 245 | 1 | 0 |
_aTranslation as conquest : _bSahagún and Universal history of the things of New Spain / _cVictoria Ríos Castaño. |
| 264 | 1 |
_aMadrid : _bIberoamericana ; _aFrankfurt am Main : _bVervuert Verlag, _c2014. |
|
| 300 | _a1 online resource. | ||
| 336 |
_atext _btxt _2rdacontent |
||
| 337 |
_acomputer _bc _2rdamedia |
||
| 338 |
_aonline resource _bcr _2rdacarrier |
||
| 490 | 1 |
_aParecos y australes ; _v13 |
|
| 504 | _aIncludes bibliographical references and index. | ||
| 505 | 0 | _aSahagún's education and Franciscan training in Spain -- Sahagún's intellectual origins : from early education to the university of Salamanca -- Sahagún's religious education : the Friary of San Francisco -- Sahagún and the spiritual conquest of New Spain -- The Imperial College of Santa Cruz in Santiago de Tlatelolco -- Sahagún's composition of linguistic and doctrinal works in Nahuatl -- Books on antiquities and geographical accounts -- Sahagún's intellectual models for the composition of Historia universal -- Sahagún and the encyclopaedic tradition -- The influence of Christian works on Historia universal -- Inquisitorial techniques as Sahagún's method of data collection -- The Inquisition in Spain and New Spain during the first half of the sixteenth-century -- Olmos and Sahagún's application of the inquisitorial techniques to the collection of indigenous data -- The origin of Sahagún's questions -- The composition of Historia universal : Sahagún, the respondents, and the assistants -- The Nahua respondents' role -- The Nahua assistants' role -- Sahagún's role. | |
| 588 | 0 | _aOnline resource; title from PDF title page (Digitalia, viewed April 30, 2019) | |
| 600 | 0 | 0 |
_aBernardino, _cde Sahagún, _d1499-1590. |
| 600 | 0 | 0 |
_aBernardino, _cde Sahagún, _d1499-1590. _tHistoria general de las cosas de Nueva España. |
| 650 | 0 |
_aFranciscans _zMexico _xHistory _y16th century. |
|
| 650 | 0 |
_aNahuatl language _vEarly works to 1800. |
|
| 650 | 0 |
_aIndians of Mexico _xHistory _y16th century. |
|
| 651 | 0 |
_aMexico _xHistory _ySpanish colony, 1540-1810. |
|
| 655 | 0 | _aElectronic books. | |
| 791 | 2 |
_aDigitalia (Firm), _edistributor. |
|
| 793 | 0 |
_gDigitalia eBook Collection: _aIberoamericana/Vervuert. |
|
| 776 | 0 | 8 |
_iPrint version: _aMarroquín Arredondo, Jaime. _tTranslation as conquest. _dMadrid : Iberoamericana ; Frankfurt am Main : Vervuert, 2014 _z9788484896593 _w(OCoLC)889006253 |
| 830 | 0 |
_aParecos y australes ; _v13. |
|
| 856 | 4 | 0 |
_3Digitalia Hispánica _uhttps://www.digitaliapublishing.com/a/56873/ |
| 910 | _aPremium collection: 2019 | ||
| 942 | _cRAA | ||
| 999 |
_c255206 _d255206 |
||